[Event "Muensterland Regionalliga Gr2 2223"]
[Site "Germany"]
[Date "2022.11.05"]
[Round "3.1"]
[White "Wilger, Frank"]
[Black "Reckzuegel, Philipp"]
[Result "1-0"]
[WhiteElo "2109"]
[BlackElo "1942"]
[PlyCount "119"]
[EventDate "2022.09.03"]
[EventType "team-tourn"]
[EventRounds "5"]
[EventCountry "GER"]
[SourceTitle "EXT 2024"]
[Source "ChessBase"]
[SourceDate "2023.10.10"]
[SourceVersion "1"]
[SourceVersionDate "2023.10.10"]
[SourceQuality "1"]
[WhiteTeam "Raesfeld Erle"]
[BlackTeam "Gronau"]
[WhiteTeamCountry "GER"]
[BlackTeamCountry "GER"]

1. d4 Nf6 2. Nf3 e6 3. e3 d5 4. Bd3 c6 5. 0-0 Nbd7 6. b3 Bd6 7. Bb2 0-0 8. Nbd2 b6 9. Qe2 Bb7 10. e4 dxe4 11. Nxe4 Nxe4 12. Qxe4 Nf6 13. Qh4 Re8 14. Rad1 h6 15. c4 Qe7 16. Rfe1 Rad8 17. Bc2 Ba3 18. Ba1 Bb4 19. Re3 Nh7 20. Qg4 Qf8 21. h4 c5 22. d5 exd5 23. cxd5 Rxe3 24. fxe3 Bc8 25. Qf4 f5 26. Ne5 Nf6 27. Ng6 Qf7 28. Bxf6 Qxf6 29. h5 Bc3 30. Bxf5 Bxf5 31. Qxf5 Qxf5 32. Ne7+ Kf7 33. Nxf5 Kf6 34. Ng3 Ke5 35. Ne2 Bb4 36. Nf4 Ke4 37. Kf2 Bc3 38. Ke2 Be5 39. g3 Bxf4 40. gxf4 Rxd5 41. Rxd5 Kxd5 42. Kf3 b5 43. e4+ Ke6 44. Ke3 Kf6 45. e5+ Kf5 46. Kd3 g6 47. hxg6 Kxg6 48. Ke4 h5 49. Kd5 h4 50. e6 h3 51. Kd6 h2 52. e7 h1Q 53. e8Q+ Kg7 54. Qe5+ Kf8 55. Qxc5 Qb7 56. Qf5+ Kg7 57. Qd7+ Qxd7+ 58. Kxd7 Kf6 59. Kc6 a6 60. Kb6 1-0

[Event "Muensterland Regionalliga 1819"]
[Site "Germany"]
[Date "2019.01.12"]
[Round "5.1"]
[White "Buendgen, Achim"]
[Black "Wilger, Frank"]
[Result "1/2-1/2"]
[WhiteElo "2083"]
[BlackElo "2085"]
[PlyCount "97"]
[EventDate "2018.09.08"]
[EventType "team-tourn"]
[EventRounds "9"]
[EventCountry "GER"]
[SourceTitle "EXT 2020"]
[Source "ChessBase"]
[SourceDate "2019.10.17"]
[SourceVersion "1"]
[SourceVersionDate "2019.10.17"]
[SourceQuality "1"]
[WhiteTeam "Gronau"]
[BlackTeam "Raesfeld Erle"]
[WhiteTeamCountry "GER"]
[BlackTeamCountry "GER"]

1. e4 c5 2. b3 Nc6 3. Bb2 Nf6 4. e5 Nd5 5. Nf3 b6 6. Bc4 e6 7. Nc3 Nxc3 8. Bxc3 Be7 9. Qe2 0-0 10. Qe4 d5 11. exd6 Qxd6 12. h4 Bd7 13. Ng5 f5 14. Qe2 Bxg5 15. hxg5 g6 16. 0-0-0 Nd4 17. Bxd4 cxd4 18. Rde1 Rfe8 19. Qe5 Qxe5 20. Rxe5 Rad8 21. Rhe1 Kf7 22. f4 Bc8 23. g4 fxg4 24. Rg1 h5 25. gxh6 Rh8 26. Rh1 Rh7 27. Rg5 Rdh8 28. Rg1 Rxh6 29. R1xg4 Kf6 30. Bd3 Rg8 31. Kb2 Rg7 32. b4 Bd7 33. Kb3 Be8 34. Kc4 Rd7 35. Kb3 Bf7 36. Kb2 Rd8 37. a4 Rd7 38. Bc4 Rh2 39. Rg2 Rxg2 40. Rxg2 Kf5 41. Bd3+ Kxf4 42. Bxg6 Bxg6 43. Rxg6 e5 44. d3 e4 45. dxe4 Kxe4 46. Kb3 Rc7 47. Rg4+ Kd5 48. Rg3 Ke4 49. Rg4+ 1/2-1/2

[Event "Muensterland Regionalliga 1718"]
[Site "Germany"]
[Date "2018.04.21"]
[Round "8.1"]
[White "Wilger, Frank"]
[Black "Wieder, Heiner"]
[Result "1-0"]
[WhiteElo "2108"]
[BlackElo "2089"]
[PlyCount "77"]
[EventDate "2017.09.02"]
[EventType "team-tourn"]
[EventRounds "9"]
[EventCountry "GER"]
[SourceTitle "EXT 2019"]
[Source "ChessBase"]
[SourceDate "2018.10.10"]
[SourceVersion "1"]
[SourceVersionDate "2018.10.10"]
[SourceQuality "1"]
[WhiteTeam "Raesfeld Erle"]
[BlackTeam "Muenster SK II"]
[WhiteTeamCountry "GER"]
[BlackTeamCountry "GER"]

1. d4 f5 2. Bg5 g6 3. e4 fxe4 4. Nc3 d5 5. f3 e3 6. Qd3 Bg7 7. 0-0-0 c6 8. Qxe3 Nd7 9. Nh3 Nf8 10. g4 Be6 11. Kb1 Qd7 12. Na4 b6 13. Qa3 h5 14. Nxb6 Qb7 15. Nxa8 Qxa8 16. Be2 Nf6 17. Nf4 hxg4 18. fxg4 Qb7 19. Bxf6 Bxf6 20. h3 Bf7 21. Rhe1 Nd7 22. Bd3 g5 23. Nh5 Bxh5 24. gxh5 Kf8 25. Bg6 c5 26. Rf1 Kg7 27. c3 Rb8 28. Rf2 e5 29. dxc5 d4 30. Qb3 Qxb3 31. axb3 Nxc5 32. b4 Ne6 33. Be4 Nf4 34. cxd4 exd4 35. Rc2 Be5 36. Rc6 Nxh3 37. Rg6+ Kf8 38. Rf1+ Bf4 39. Bg2 1-0

[Event "Muensterland Regionalliga 1718"]
[Site "Germany"]
[Date "2017.12.02"]
[Round "4.1"]
[White "Wilger, Frank"]
[Black "Baumann, Stephan"]
[Result "1/2-1/2"]
[WhiteElo "2108"]
[BlackElo "2014"]
[PlyCount "100"]
[EventDate "2017.09.02"]
[EventType "team-tourn"]
[EventRounds "9"]
[EventCountry "GER"]
[SourceTitle "EXT 2019"]
[Source "ChessBase"]
[SourceDate "2018.10.10"]
[SourceVersion "1"]
[SourceVersionDate "2018.10.10"]
[SourceQuality "1"]
[WhiteTeam "Raesfeld Erle"]
[BlackTeam "Muenster SK III"]
[WhiteTeamCountry "GER"]
[BlackTeamCountry "GER"]

1. d4 Nf6 2. Nf3 c5 3. e3 e6 4. Bd3 d5 5. c3 Bd6 6. 0-0 0-0 7. Nbd2 Nc6 8. b3 cxd4 9. exd4 e5 10. dxe5 Nxe5 11. Nxe5 Bxe5 12. Bb2 Bg4 13. Be2 Bxe2 14. Qxe2 Re8 15. Qd3 Rc8 16. Nf3 Qd6 17. Rad1 Rc6 18. Rfe1 Qc7 19. Rc1 Rce6 20. g3 h5 21. Qf5 h4 22. Nxe5 Rxe5 23. Rxe5 Rxe5 24. Qf4 hxg3 25. hxg3 Qe7 26. c4 Re1+ 27. Rxe1 Qxe1+ 28. Kg2 dxc4 29. Qxc4 Qe4+ 30. Qxe4 Nxe4 31. Kf3 Ng5+ 32. Ke3 Kf8 33. f4 Ne6 34. Ke4 Ke7 35. Ba3+ Kd7 36. Kd5 Nc7+ 37. Ke5 Nb5 38. Bb4 Nc7 39. f5 f6+ 40. Kd4 Kc6 41. Bf8 Ne8 42. a4 Kd7 43. b4 a6 44. Kc5 Kc7 45. b5 b6+ 46. Kd5 axb5 47. axb5 Kd7 48. Kc4 Kc7 49. Bb4 Kd7 50. Ba3 Kc7 1/2-1/2

[Event "Muensterland Regionalliga 1617"]
[Site "Germany"]
[Date "2017.02.04"]
[Round "6.1"]
[White "Borrink, Joern"]
[Black "Wilger, Frank"]
[Result "1-0"]
[WhiteElo "2098"]
[BlackElo "2065"]
[PlyCount "115"]
[EventDate "2016.09.17"]
[EventType "team"]
[EventRounds "9"]
[EventCountry "GER"]
[SourceTitle "EXT 2018"]
[Source "ChessBase"]
[SourceDate "2017.10.13"]
[SourceVersion "1"]
[SourceVersionDate "2017.10.13"]
[SourceQuality "1"]
[WhiteTeam "Muenster SK III"]
[BlackTeam "Raesfeld Erle"]
[WhiteTeamCountry "GER"]
[BlackTeamCountry "GER"]

1. e4 c5 2. Nc3 e6 3. g3 d5 4. exd5 exd5 5. Bg2 d4 6. Nd5 Nc6 7. d3 Be6 8. Qe2 Bd6 9. Nh3 Nge7 10. Ng5 Qd7 11. 0-0 0-0-0 12. Nxe6 Qxe6 13. Qxe6+ fxe6 14. Nxe7+ Bxe7 15. Bh3 b5 16. Re1 Kb7 17. Rxe6 Rd6 18. Re2 g5 19. Bd2 Bf6 20. Rae1 h6 21. f4 Nb4 22. Bg2+ Kb6 23. fxg5 Bxg5 24. Bxg5 hxg5 25. a3 Nd5 26. Re6 Kc7 27. Bxd5 Rxd5 28. R1e5 Rhd8 29. b3 a5 30. Kg2 a4 31. bxa4 bxa4 32. h3 c4 33. Kf3 cxd3 34. cxd3 Rxe5 35. Rxe5 Kd6 36. Rxg5 Re8 37. Ra5 Re3+ 38. Kf4 Rxd3 39. Rxa4 Kd5 40. h4 Rd1 41. Ra5+ Kc4 42. Ra8 Rf1+ 43. Kg5 d3 44. Rd8 Kc3 45. h5 d2 46. g4 Rf3 47. Rxd2 Kxd2 48. a4 Ra3 49. h6 Rxa4 50. h7 Ra8 51. Kf6 Ra6+ 52. Kg7 Ra7+ 53. Kh6 Ra8 54. g5 Ke3 55. g6 Kf4 56. g7 Ra6+ 57. Kh5 Ra5+ 58. Kg6 1-0

[Event "Muensterland Regionalliga 1516"]
[Site "Germany"]
[Date "2016.02.27"]
[Round "7.1"]
[White "Wilger, Frank"]
[Black "Ringwelski, Marius"]
[Result "1-0"]
[WhiteElo "2080"]
[BlackElo "2027"]
[PlyCount "59"]
[EventDate "2015.09.05"]
[EventType "team"]
[EventRounds "9"]
[EventCountry "GER"]
[SourceTitle "EXT 2017"]
[Source "ChessBase"]
[SourceDate "2016.10.25"]
[SourceVersion "1"]
[SourceVersionDate "2016.10.25"]
[SourceQuality "1"]
[WhiteTeam "Raesfeld Erle"]
[BlackTeam "Nienberge"]
[WhiteTeamCountry "GER"]
[BlackTeamCountry "GER"]

1. d4 Nf6 2. Nf3 e6 3. g3 d5 4. Bg2 c5 5. c4 dxc4 6. Qa4+ Bd7 7. Qxc4 Nc6 8. 0-0 b5 9. Qxb5 Nxd4 10. Nxd4 Bxb5 11. Nxb5 Nd5 12. Bf4 Nxf4 13. gxf4 Rb8 14. N1c3 Qb6 15. Na3 Qa6 16. Rfd1 Rxb2 17. Nab5 Rxb5 18. Nxb5 Qxb5 19. Rab1 Qa6 20. Rb8+ Ke7 21. e4 f6 22. f5 g6 23. Bf1 Qc6 24. Bb5 Qc7 25. Re8+ Kf7 26. fxe6+ Kg8 27. Rd7 Qf4 28. e7 Qc1+ 29. Bf1 Qg5+ 30. Kh1 1-0

[Event "EU-Cup 31st"]
[Site "Skopje"]
[Date "2015.10.23"]
[Round "6.6"]
[White "Tahiri, Daut"]
[Black "Wilger, Frank"]
[Result "1-0"]
[WhiteElo "2108"]
[BlackElo "2115"]
[PlyCount "69"]
[EventDate "2015.10.18"]
[EventType "team-swiss"]
[EventRounds "7"]
[EventCountry "MKD"]
[SourceTitle "CBM 169"]
[Source "ChessBase"]
[SourceDate "2015.11.10"]
[SourceVersion "1"]
[SourceVersionDate "2015.11.10"]
[SourceQuality "1"]
[WhiteTeam "Expik"]
[BlackTeam "Echternach Sprenger"]
[WhiteTeamCountry "KOS"]
[BlackTeamCountry "LUX"]

1. e4 d5 2. exd5 Qxd5 3. Nc3 Qd6 4. d4 Nf6 5. h3 a6 6. Nf3 e6 7. Bd3 b5 8. Ne4 Qd5 9. Qe2 Bb7 10. Nc3 Bb4 11. Bd2 Bxc3 12. Bxc3 Qh5 13. 0-0-0 Nbd7 14. Kb1 0-0 15. Rhg1 Rfd8 16. g4 Qxh3 17. Rg3 Bxf3 18. Qxf3 Qh4 19. g5 Nd5 20. Rg4 Qh2 21. Rh1 Qd6 22. Bxh7+ Kf8 23. Bg6 f6 24. Bd2 Ke7 25. Re4 Nf8 26. Bf5 Kd7 27. Bh3 f5 28. Re5 Ng6 29. Re2 Ngf4 30. Re5 Ng6 31. Rxe6 Kxe6 32. Qxf5+ Ke7 33. Re1+ Ne5 34. Rxe5+ Qxe5 35. dxe5 1-0

[Event "Luxembourg-chT 1415"]
[Site "Luxembourg"]
[Date "2015.03.29"]
[Round "10"]
[White "Gengler, Pierre"]
[Black "Wilger, Frank"]
[Result "1-0"]
[WhiteElo "2189"]
[BlackElo "2125"]
[PlyCount "55"]
[EventDate "2014.10.05"]
[EventType "team-tourn"]
[EventRounds "10"]
[EventCountry "LUX"]
[SourceTitle "EXT 2017"]
[Source "ChessBase"]
[SourceDate "2016.10.25"]
[SourceVersion "1"]
[SourceVersionDate "2016.10.25"]
[SourceQuality "1"]

1. e4 c5 2. Nf3 e6 3. d4 cxd4 4. Nxd4 Nc6 5. Nc3 Qc7 6. g3 Nf6 7. Bg2 a6 8. 0-0 Nxd4 9. Qxd4 Bc5 10. Qd3 Ng4 11. Qe2 h5 12. Bf4 Ne5 13. Rad1 b5 14. a4 b4 15. Nd5 exd5 16. exd5 d6 17. Bxe5 Bg4 18. Bxd6+ Bxe2 19. Bxc7 Kd7 20. d6 Bxd1 21. Rxd1 Raf8 22. Rd5 Ba7 23. Bf1 Kc6 24. Ra5 Rc8 25. Bg2+ Kd7 26. Bh3+ Kc6 27. Bxc8 Rxc8 28. Rxa6+ 1-0

[Event "EU-Cup 29th"]
[Site "Rhodes"]
[Date "2013.10.24"]
[Round "5.3"]
[White "Wilger, Frank"]
[Black "Delorme, Alban"]
[Result "0-1"]
[WhiteElo "2107"]
[BlackElo "2283"]
[PlyCount "90"]
[EventDate "2013.10.20"]
[EventType "team-swiss"]
[EventRounds "7"]
[EventCountry "GRE"]
[SourceTitle "CBM 157"]
[Source "ChessBase"]
[SourceDate "2013.11.12"]
[SourceVersion "1"]
[SourceVersionDate "2013.11.12"]
[SourceQuality "1"]
[WhiteTeam "Echternach Sprenger"]
[BlackTeam "Sautron"]
[WhiteTeamCountry "LUX"]
[BlackTeamCountry "FRA"]

1. d4 Nf6 2. Nf3 e6 3. e3 b6 4. Bd3 Bb7 5. Nbd2 c5 6. 0-0 d5 7. b3 Be7 8. Bb2 0-0 9. dxc5 bxc5 10. c4 Nbd7 11. Qe2 Ne4 12. cxd5 exd5 13. Ba6 Bxa6 14. Qxa6 Nxd2 15. Nxd2 Qb6 16. Qe2 Bf6 17. Nf3 a5 18. g3 a4 19. Bxf6 Nxf6 20. Nd2 h5 21. Qd3 h4 22. Nf3 hxg3 23. hxg3 Qe6 24. Kg2 Rfd8 25. Rac1 Ne4 26. Rh1 axb3 27. axb3 Ra2 28. Rc2 Rxc2 29. Qxc2 Qf5 30. Qb2 Rb8 31. Nh4 Qe6 32. Qc2 Qf6 33. f3 Qc3 34. Rc1 Rxb3 35. Qxc3 Rxc3 36. Rxc3 Nxc3 37. Kf2 g6 38. Ke1 Kg7 39. Kd2 Nb5 40. e4 Kf6 41. Ke3 c4 42. f4 dxe4 43. Kxe4 Nd6+ 44. Kf3 c3 45. Ke2 Ne4 0-1

[Event "Muensterland Verbandsliga 1213"]
[Site "Germany"]
[Date "2013.05.04"]
[Round "9.1"]
[White "Wilger, Frank"]
[Black "Eiersbrock, Robin"]
[Result "1/2-1/2"]
[WhiteElo "2094"]
[BlackElo "1975"]
[PlyCount "56"]
[EventDate "2012.09.22"]
[EventType "team-tourn"]
[EventRounds "9"]
[EventCountry "GER"]
[SourceTitle "EXT 2015"]
[Source "ChessBase"]
[SourceDate "2014.11.20"]
[SourceVersion "1"]
[SourceVersionDate "2014.11.20"]
[SourceQuality "1"]
[WhiteTeam "Raesfeld Erle"]
[BlackTeam "Duelmen"]
[WhiteTeamCountry "GER"]
[BlackTeamCountry "GER"]

1. d4 Nf6 2. Nf3 g6 3. b3 Bg7 4. Bb2 0-0 5. e3 d5 6. Bd3 Bg4 7. h3 Bxf3 8. Qxf3 Nbd7 9. c4 e6 10. cxd5 Nxd5 11. Nd2 c5 12. 0-0 cxd4 13. exd4 Rc8 14. Nc4 N7b6 15. Ne5 Qf6 16. Qxf6 Bxf6 17. Be4 Rc7 18. a4 Nc3 19. Bf3 Nbd5 20. a5 Rb8 21. g3 b5 22. Bxd5 Nxd5 23. Rfc1 Rbc8 24. Rxc7 Rxc7 25. Rc1 Rxc1+ 26. Bxc1 Bxe5 27. dxe5 Nb4 28. f4 a6 1/2-1/2

[Event "Muensterland Verbandsliga 1112"]
[Site "Germany"]
[Date "2012.05.19"]
[Round "9.1"]
[White "Gresshoff, Werner"]
[Black "Wilger, Frank"]
[Result "1/2-1/2"]
[WhiteElo "1972"]
[BlackElo "2088"]
[PlyCount "54"]
[EventDate "2011.09.24"]
[EventType "team-tourn"]
[EventRounds "9"]
[EventCountry "GER"]
[SourceTitle "EXT 2013"]
[Source "ChessBase"]
[SourceDate "2012.11.22"]
[SourceVersion "1"]
[SourceVersionDate "2012.11.22"]
[SourceQuality "1"]
[WhiteTeam "Muenster III"]
[BlackTeam "Raesfeld Erle"]
[WhiteTeamCountry "GER"]
[BlackTeamCountry "GER"]

1. c4 e6 2. g3 d5 3. Bg2 c6 4. Nf3 Nf6 5. 0-0 Be7 6. b3 0-0 7. Bb2 Nbd7 8. d3 Re8 9. Nbd2 Bd6 10. e4 dxe4 11. Nxe4 Nxe4 12. dxe4 Qc7 13. Qd2 e5 14. Rfd1 Bf8 15. Rac1 Nc5 16. Qc2 Bg4 17. b4 Nd7 18. a3 c5 19. b5 g6 20. h3 Bxf3 21. Bxf3 Bh6 22. Ra1 Bg7 23. Rd5 Nb6 24. Rd3 Qe7 25. Rad1 Qe6 26. Bg4 Qxc4 27. Rc3 Qxb5 1/2-1/2

[Event "Luxembourg-chT 1112"]
[Site "Luxembourg"]
[Date "2012.03.03"]
[Round "10"]
[White "Poscic, Mark"]
[Black "Wilger, Frank"]
[Result "0-1"]
[WhiteElo "1858"]
[BlackElo "2081"]
[PlyCount "62"]
[EventDate "2011.10.??"]
[EventType "team-tourn"]
[EventRounds "10"]
[EventCountry "LUX"]
[SourceTitle "EXT 2017"]
[Source "ChessBase"]
[SourceDate "2016.10.25"]
[SourceVersion "1"]
[SourceVersionDate "2016.10.25"]
[SourceQuality "1"]

1. e4 c5 2. Nf3 e6 3. d3 d5 4. exd5 exd5 5. Be2 Nf6 6. 0-0 Be7 7. Nc3 0-0 8. d4 c4 9. Bf4 Nc6 10. Re1 Bf5 11. Nh4 Be6 12. Nf3 a6 13. Ne5 Nxe5 14. Bxe5 b5 15. a3 Nd7 16. Bg4 Nxe5 17. Bxe6 fxe6 18. Rxe5 Bd6 19. Rh5 Qf6 20. f3 g6 21. Rh3 Bf4 22. Ne2 e5 23. c3 exd4 24. Nxf4 Qxf4 25. Qxd4 Qxd4+ 26. cxd4 Rf4 27. Rd1 Re8 28. Kf2 Ree4 29. g3 Rxd4 30. Re1 Rd2+ 31. Re2 Rfd4 0-1

[Event "Muensterland Verbandsklasse-B 1011"]
[Site "Germany"]
[Date "2011.02.19"]
[Round "7.1"]
[White "Wilger, Frank"]
[Black "Schulze Schwering, Philipp"]
[Result "1/2-1/2"]
[WhiteElo "2110"]
[BlackElo "1962"]
[PlyCount "33"]
[EventDate "2010.09.18"]
[EventType "team-tourn"]
[EventRounds "9"]
[EventCountry "GER"]
[SourceTitle "EXT 2012"]
[Source "ChessBase"]
[SourceDate "2011.11.24"]
[SourceVersion "1"]
[SourceVersionDate "2011.11.24"]
[SourceQuality "1"]
[WhiteTeam "Raesfeld Erle"]
[BlackTeam "Borken"]
[WhiteTeamCountry "GER"]
[BlackTeamCountry "GER"]

1. d4 d5 2. c4 e6 3. Nc3 Nf6 4. Bg5 c6 5. e3 Nbd7 6. cxd5 exd5 7. Nf3 Be7 8. Bd3 0-0 9. 0-0 Re8 10. Qc2 h6 11. Bh4 Ne4 12. Bxe7 Qxe7 13. Rfb1 Ndf6 14. b4 Nxc3 15. Qxc3 Ne4 16. Qc2 a6 17. a4 1/2-1/2

[Event "Muensterland Verbandsklasse-A 0910"]
[Site "Germany"]
[Date "2010.01.30"]
[Round "6.1"]
[White "Beckmann, David"]
[Black "Wilger, Frank"]
[Result "1-0"]
[WhiteElo "1926"]
[BlackElo "2028"]
[PlyCount "72"]
[EventDate "2009.09.19"]
[EventType "team-tourn"]
[EventRounds "9"]
[EventCountry "GER"]
[SourceTitle "EXT 2011"]
[Source "ChessBase"]
[SourceDate "2010.11.26"]
[SourceVersion "1"]
[SourceVersionDate "2010.11.26"]
[SourceQuality "1"]
[WhiteTeam "Borken"]
[BlackTeam "Raesfeld Erle"]
[WhiteTeamCountry "GER"]
[BlackTeamCountry "GER"]

1. d4 d5 2. Nf3 e6 3. e3 f5 4. c4 Nf6 5. g3 c6 6. Bg2 Nbd7 7. 0-0 Bd6 8. a4 0-0 9. Na3 Ne4 10. c5 Bc7 11. b4 e5 12. Bb2 f4 13. dxe5 fxe3 14. fxe3 Qe7 15. Qc2 a5 16. Nd4 axb4 17. Bxe4 dxe4 18. Qb3+ Kh8 19. Rxf8+ Nxf8 20. Qxb4 Ba5 21. Qb3 Ne6 22. Nc4 Nxc5 23. Qc2 Bb4 24. Nd6 Nd3 25. Qc4 h6 26. Rf1 Bh3 27. Rf7 Rf8 28. N4f5 Bxd6 29. Nxe7 Bxe7 30. Rxf8+ Bxf8 31. Bc3 Bc5 32. Bd4 Bb4 33. Bc3 Bc5 34. Qxe4 Nc1 35. Bd4 Bb4 36. e6 Ne2+ 1-0